| 000 | 00758nam a2200253Ia 4500 | ||
|---|---|---|---|
| 003 | OSt | ||
| 005 | 20220927105403.0 | ||
| 006 | a|||||r|||| 00| 0 | ||
| 007 | ta | ||
| 008 | 220926b |||||||| |||| 00| 0 eng d | ||
| 020 | _a9780198072058 | ||
| 024 | _a191304 | ||
| 037 | _cReference Collections | ||
| 040 |
_aRTL _cRTL _beng |
||
| 041 |
_2eng _aeng |
||
| 082 | _a"Z.2.P07t5, Q1/GD" | ||
| 110 | _a"INDIA, PLANNING COMMISSION" | ||
| 245 | 0 |
_aMid-term appraisal _b Eleventh Five Year Plan 2007-2012 |
|
| 260 |
_aNew _bDelhi Oxford University Press _c2011 |
||
| 300 |
_a"xiii, 473p" _ccm. |
||
| 700 | _a"INDIA, PLANNING COMMISSION" | ||
| 942 |
_h"Z.2.P07t5, Q1/GD" _cCC |
||
| 999 |
_c692259 _d692259 |
||